[Event "1st rapid EUROSOFIA until 10"]
[Site "Sofia"]
[Date "2017.03.25"]
[Round "2.1"]
[White "Georgiev, Konstantin G"]
[Black "Mateev, Kaloyan"]
[Result "1-0"]
[WhiteElo "1628"]
[BlackElo "1010"]
[PlyCount "73"]
[EventDate "2017.03.25"]
[EventType "swiss (rapid)"]
[EventRounds "7"]
[EventCountry "BUL"]

1. e4 c5 2. Nf3 e6 3. d4 a6 4. Be2 b6 5. Nc3 d6 6. dxc5 bxc5 7. O-O Nc6 8. Be3
Bb7 9. Nd2 Nge7 10. f3 g6 11. Nb3 Bg7 12. Qd2 O-O 13. Rad1 Bxc3 14. bxc3 Nc8
15. Bf4 e5 16. Bg5 f6 17. Bc4+ Kg7 18. Bh6+ Kh8 19. Bxf8 Qxf8 20. Be6 N6e7 21.
Na5 Rb8 22. Rb1 Qd8 23. Nxb7 Qc7 24. Bxc8 Rxc8 25. Qxd6 Qxd6 26. Nxd6 Rc6 27.
Rb8+ Kg7 28. Ne8+ Kf7 29. Rd1 Re6 30. Nd6+ Kg7 31. Rb7 g5 32. Nc8 Kf7 33. Rdd7
Rc6 34. Nxe7 Re6 35. Nf5+ Kg6 36. Rg7+ Kh5 37. g4# 1-0

[Event "1st rapid EUROSOFIA until 10"]
[Site "Sofia"]
[Date "2017.03.25"]
[Round "3.1"]
[White "Klaklov, Nikola"]
[Black "Georgiev, Konstantin G"]
[Result "0-1"]
[WhiteElo "1140"]
[BlackElo "1628"]
[PlyCount "86"]
[EventDate "2017.03.25"]
[EventType "swiss (rapid)"]
[EventRounds "7"]
[EventCountry "BUL"]

1. e4 c5 2. Nf3 Nc6 3. d4 cxd4 4. Nxd4 Nf6 5. Nc3 e6 6. Nxc6 bxc6 7. Bg5 Be7 8.
Bd3 d5 9. exd5 cxd5 10. Bb5+ Bd7 11. Bxd7+ Qxd7 12. O-O O-O 13. Qd3 Rab8 14. b3
Rfc8 15. Rad1 Rxc3 16. Qxc3 Ne4 17. Qe3 Nxg5 18. Rfe1 Qc7 19. Rd2 Ne4 20. Rde2
Bc5 21. Qh3 Qf4 22. Rf1 Rc8 23. Qf3 Qxf3 24. gxf3 Ng5 25. Kh1 Nxf3 26. Kg2 Nd4
27. Rd2 Nf5 28. c4 Bb4 29. Rc2 d4 30. Re2 d3 31. Rb2 e5 32. Rd1 e4 33. Rc1 Rc6
34. Rd1 Rg6+ 35. Kh1 Bc3 36. Rbb1 Bd4 37. Rd2 Nh4 38. h3 Nf3 39. Rdd1 Bxf2 40.
Rf1 e3 41. Rxf2 exf2 42. Rf1 Rg1+ 43. Rxg1 fxg1=Q# 0-1

[Event "1st rapid EUROSOFIA until 10"]
[Site "Sofia"]
[Date "2017.03.25"]
[Round "3.2"]
[White "Popzafirov, Danail"]
[Black "Tsolovski, Tsvetelin"]
[Result "1-0"]
[WhiteElo "1184"]
[BlackElo "1232"]
[PlyCount "143"]
[EventDate "2017.03.25"]
[EventType "swiss (rapid)"]
[EventRounds "7"]
[EventCountry "BUL"]

1. Nf3 d5 2. d4 Nc6 3. g3 Nf6 4. Bg2 Bf5 5. a3 e6 6. Bf4 Bd6 7. Bxd6 Qxd6 8.
O-O O-O 9. Nc3 Ne4 10. Nb5 Qd8 11. Nc3 Nxc3 12. bxc3 Be4 13. Rb1 Bxf3 14. Bxf3
Qf6 15. Rxb7 Rab8 16. Rxc7 Rbc8 17. Rxc8 Rxc8 18. Qb1 Rb8 19. Qd1 e5 20. dxe5
Nxe5 21. Qxd5 Rd8 22. Qe4 Nxf3+ 23. exf3 Qxc3 24. Re1 Qc8 25. Kg2 Kf8 26. Qxh7
f6 27. Qh8+ Kf7 28. Qh5+ Kf8 29. Qa5 Re8 30. Rxe8+ Qxe8 31. Qxa7 Qc8 32. Qa4 g5
33. Qb4+ Kg8 34. Qb6 f5 35. Qg6+ Kf8 36. Qxg5 Qxc2 37. Qf6+ Ke8 38. Qe6+ Kf8
39. Qd6+ Ke8 40. Qb8+ Kf7 41. Qb7+ Ke8 42. Qa8+ Kd7 43. Qd5+ Ke7 44. Qb5 f4 45.
Qe5+ Kf7 46. Qxf4+ Ke7 47. a4 Kd7 48. a5 Kc6 49. a6 Qa2 50. Qf6+ Kb5 51. Qe5+
Kb6 52. Qd6+ Ka7 53. Qc6 Qxa6 54. Qxa6+ Kxa6 55. h4 Kb7 56. h5 Kc7 57. h6 Kd7
58. h7 Ke7 59. h8=Q Kd6 60. Qg7 Kc5 61. Qf6 Kb5 62. Qd6 Kc4 63. Kf1 Kc3 64. Qd5
Kc2 65. Qd4 Kc1 66. Ke2 Kb1 67. Qc3 Ka2 68. Kd3 Kb1 69. Kc4 Ka2 70. Qb4 Ka1 71.
Kc3 Ka2 72. Qb2# 1-0

[Event "1st rapid EUROSOFIA until 10"]
[Site "Sofia"]
[Date "2017.03.25"]
[Round "4.1"]
[White "Georgiev, Konstantin G"]
[Black "Mladenov, Hristo"]
[Result "1-0"]
[WhiteElo "1628"]
[BlackElo "1201"]
[PlyCount "77"]
[EventDate "2017.03.25"]
[EventType "swiss (rapid)"]
[EventRounds "7"]
[EventCountry "BUL"]

1. e4 c6 2. d4 d5 3. Nc3 dxe4 4. Nxe4 Bf5 5. Ng3 Bg6 6. h4 h6 7. f4 e6 8. Nf3
Bd6 9. h5 Bh7 10. Bd3 Bxd3 11. Qxd3 Qc7 12. Ne4 Nd7 13. Nxd6+ Qxd6 14. Bd2 Ngf6
15. O-O-O Nd5 16. g3 c5 17. c4 Nb4 18. Bxb4 cxb4 19. b3 Qa6 20. Kb1 Rc8 21. Ne5
Nf6 22. g4 Nd7 23. Nxd7 Kxd7 24. f5 Rc6 25. fxe6+ Rxe6 26. d5 Rd6 27. Rhf1 Rf6
28. Rde1 Qd6 29. Rxf6 Qxf6 30. Qf5+ Qxf5+ 31. gxf5 Re8 32. Rxe8 Kxe8 33. Kc2
Kd7 34. Kd3 Kd6 35. Kd4 b6 36. Ke4 f6 37. Kd4 a5 38. c5+ bxc5+ 39. Kc4 1-0

[Event "1st rapid EUROSOFIA until 10"]
[Site "Sofia"]
[Date "2017.03.25"]
[Round "4.2"]
[White "Karov, Aleksandar"]
[Black "Popzafirov, Danail"]
[Result "1-0"]
[WhiteElo "1086"]
[BlackElo "1184"]
[PlyCount "53"]
[EventDate "2017.03.25"]
[EventType "swiss (rapid)"]
[EventRounds "7"]
[EventCountry "BUL"]

1. e4 e5 2. Nf3 Nc6 3. Nc3 Bc5 4. Nxe5 Nxe5 5. d4 Bxd4 6. Qxd4 d6 7. Be3 Nf6 8.
Qd2 Nc4 9. Qc1 Nxe3 10. Qxe3 O-O 11. Bd3 Re8 12. O-O b6 13. Qg3 Bb7 14. Rfe1
Rb8 15. Re3 d5 16. exd5 Rxe3 17. Qxe3 Nxd5 18. Qh3 g6 19. Nb5 Ba6 20. Nxa7 Bb7
21. Nb5 c6 22. Nd4 c5 23. Nf3 Nf4 24. Qh6 Nxd3 25. Ng5 Qe7 26. Qxh7+ Kf8 27.
Qh8# 1-0

[Event "1st rapid EUROSOFIA until 10"]
[Site "Sofia"]
[Date "2017.03.25"]
[Round "5.1"]
[White "Kanov, Nikola"]
[Black "Georgiev, Konstantin G"]
[Result "0-1"]
[WhiteElo "1168"]
[BlackElo "1628"]
[PlyCount "120"]
[EventDate "2017.03.25"]
[EventType "swiss (rapid)"]
[EventRounds "7"]
[EventCountry "BUL"]

1. e4 c5 2. Nf3 Nc6 3. d4 cxd4 4. Nxd4 Nf6 5. Nc3 e6 6. Ndb5 Bb4 7. Nd6+ Ke7 8.
Bf4 e5 9. Nf5+ Kf8 10. Bg5 h6 11. Bh4 g5 12. Bg3 Nxe4 13. Qd3 d5 14. Ne3 Nxg3
15. hxg3 d4 16. Ned1 dxc3 17. bxc3 Qxd3 18. cxd3 Bd6 19. Ne3 Be6 20. Be2 Kg7
21. Rb1 b6 22. Rb2 f5 23. Bf3 Rac8 24. Bd5 Bxd5 25. Nxf5+ Kf6 26. Nxd6 Rcd8 27.
Ne4+ Bxe4 28. dxe4 Rd3 29. Rc2 Rhd8 30. Ke2 Na5 31. Rxh6+ Kg7 32. Re6 Nc4 33.
Re7+ Kf6 34. Rxa7 Rd2+ 35. Rxd2 Rxd2+ 36. Ke1 Rc2 37. Rc7 Rxc3 38. Rc6+ Ke7 39.
Rg6 Rc2 40. Rxg5 Rxa2 41. f4 Kf6 42. Kf1 Ne3+ 43. Ke1 Nxg2+ 44. Kd1 exf4 45.
gxf4 Ne3+ 46. Kc1 Nc4 47. Rb5 Re2 48. e5+ Kf5 49. Rb4 Re4 50. Kc2 Ne3+ 51. Kb3
Rxb4+ 52. Kxb4 Nd5+ 53. Kc4 Nxf4 54. Kb5 Nd5 55. Kc4 Kxe5 56. Kb5 Kd6 57. Kc4
Kc6 58. Kb3 b5 59. Kc2 Kc5 60. Kb2 Kc4 0-1

[Event "1st rapid EUROSOFIA until 10"]
[Site "Sofia"]
[Date "2017.03.25"]
[Round "6.2"]
[White "Markov, Daniel"]
[Black "Popzafirov, Danail"]
[Result "1-0"]
[WhiteElo "1258"]
[BlackElo "1184"]
[PlyCount "141"]
[EventDate "2017.03.25"]
[EventType "swiss (rapid)"]
[EventRounds "7"]
[EventCountry "BUL"]

1. Nf3 d5 2. g3 Nf6 3. Bg2 e6 4. O-O Be7 5. c4 O-O 6. d4 b6 7. Nc3 Bb7 8. cxd5
exd5 9. Ne5 Nbd7 10. Bf4 Rc8 11. Qa4 a6 12. Nc6 Bxc6 13. Qxc6 Nb8 14. Qa4 Bd6
15. Bg5 c6 16. e4 dxe4 17. Nxe4 Be7 18. Nxf6+ Bxf6 19. Bxf6 Qxf6 20. d5 cxd5
21. Bxd5 Qxb2 22. Rab1 Qd2 23. Bb7 Rc7 24. Bxa6 Nxa6 25. Qxa6 Rcc8 26. Rxb6 Ra8
27. Qb5 Qxa2 28. Qe5 Rae8 29. Qf4 Qa7 30. Rfb1 Re7 31. Rb8 Rfe8 32. Rxe8+ Rxe8
33. Rd1 Qa8 34. Qd4 Kf8 35. Qd6+ Kg8 36. Qd5 Qa7 37. Qd8 Qa4 38. Qd3 h6 39. Kg2
Qa8+ 40. Qd5 Qb8 41. Qd6 Qb7+ 42. Qd5 Qe7 43. Qf5 g6 44. Qf4 h5 45. Qd4 Kh7 46.
Qf4 Qe6 47. Rd6 Qe7 48. Rf6 Kg7 49. Rd6 Qb7+ 50. Qf3 Qb4 51. Qd3 Qe1 52. Qd4+
Kh7 53. Rf6 Qe7 54. Qf4 Kg7 55. Rd6 Qb7+ 56. Qf3 Qb2 57. Rd7 Qa2 58. Qc3+ Kg8
59. Qd2 Qe6 60. Rd4 Qc6+ 61. Kg1 Kg7 62. Rd5 Rb8 63. Qd4+ Kh7 64. Qc5 Qf6 65.
Qd4 Rb1+ 66. Kg2 Qc6 67. Qe4 Rd1 68. Re5 Qf6 69. Qf4 Qc6+ 70. Qf3 Qd7 71. Re7
1-0

[Event "1st rapid EUROSOFIA until 10"]
[Site "Sofia"]
[Date "2017.03.25"]
[Round "7.1"]
[White "Karov, Aleksandar"]
[Black "Georgiev, Konstantin G"]
[Result "0-1"]
[WhiteElo "1086"]
[BlackElo "1628"]
[PlyCount "138"]
[EventDate "2017.03.25"]
[EventType "swiss (rapid)"]
[EventRounds "7"]
[EventCountry "BUL"]

1. e4 c5 2. Nf3 Nc6 3. Nc3 e6 4. Bc4 Nf6 5. d3 d5 6. exd5 exd5 7. Bb3 Be7 8. h3
O-O 9. Be3 d4 10. Bg5 dxc3 11. bxc3 Nd5 12. Bxe7 Qxe7+ 13. Qe2 Qxe2+ 14. Kxe2
Nxc3+ 15. Kd2 Nb5 16. Bc4 Nd6 17. Bb3 Be6 18. g4 Bxb3 19. axb3 a6 20. h4 Rfe8
21. g5 Nd4 22. Nxd4 cxd4 23. h5 g6 24. hxg6 hxg6 25. f4 Nf5 26. Rac1 Rac8 27.
Rh3 Re3 28. Rhh1 Rce8 29. c3 Re2+ 30. Kd1 Rg2 31. cxd4 Ne3+ 32. Ke1 Ng4+ 33.
Kd1 Nf2+ 34. Kc2 Nxh1+ 35. Kb1 Nf2 36. Rc2 Re1+ 37. Kb2 Nxd3+ 38. Kc3 Rxc2+ 39.
Kxc2 Re4 40. Kxd3 Rxf4 41. Kc4 Rf5 42. d5 Kf8 43. Kc5 Rxg5 44. Kd6 Ke8 45. b4
f5 46. b5 axb5 47. Kc7 f4 48. d6 Rd5 49. d7+ Rxd7+ 50. Kb6 Rd6+ 51. Kxb5 Rb6+
52. Kxb6 f3 53. Kxb7 f2 54. Kc6 f1=R 55. Kd5 g5 56. Ke4 g4 57. Ke3 g3 58. Ke2
g2 59. Ke3 g1=R 60. Ke2 Rf7 61. Kd2 Rg6 62. Ke3 Re6+ 63. Kd4 Rd7+ 64. Kc5 Rd1
65. Kc4 Rc6+ 66. Kb5 Rc2 67. Kb4 Rb1+ 68. Ka3 Rb8 69. Ka4 Ra2# 0-1

[Event "1st rapid EUROSOFIA to 14"]
[Site "Sofia"]
[Date "2017.03.25"]
[Round "1.1"]
[White "Karova, Peya"]
[Black "Petrov, Anton S"]
[Result "0-1"]
[WhiteElo "1240"]
[BlackElo "1747"]
[PlyCount "86"]
[EventDate "2017.03.25"]
[EventType "swiss (rapid)"]
[EventRounds "7"]
[EventCountry "BUL"]

1. e4 d6 2. Nc3 g6 3. Bc4 Bg7 4. d4 Nf6 5. Be3 c6 6. a3 Nbd7 7. Nf3 O-O 8. h4
h5 9. Nh2 d5 10. exd5 Nb6 11. Ba2 Nbxd5 12. Nxd5 Nxd5 13. c3 Nxe3 14. fxe3 e5
15. Nf3 Bg4 16. Qd2 exd4 17. cxd4 Qd6 18. Qf2 Rae8 19. O-O-O c5 20. Kb1 Bf5+
21. Ka1 Qa6 22. Rhe1 b5 23. Qe2 c4 24. Rc1 Bd3 25. Qd2 Qd6 26. Bb1 Bxb1 27.
Rxb1 a5 28. Qxa5 Ra8 29. Qc3 b4 30. Qxc4 bxa3 31. Qc5 axb2+ 32. Kxb2 Rfb8+ 33.
Kc2 Rc8 34. Kd2 Rxc5 35. Ke2 Rc2+ 36. Nd2 Raa2 37. Red1 Qa6+ 38. Ke1 Qa5 39.
Rb8+ Kh7 40. Kf2 Rxd2+ 41. Rxd2 Qxd2+ 42. Kf3 Qxg2+ 43. Kf4 Rf2# 0-1

[Event "1st rapid EUROSOFIA to 14"]
[Site "Sofia"]
[Date "2017.03.25"]
[Round "1.3"]
[White "Draganova, Yana"]
[Black "Demirov, Todor"]
[Result "0-1"]
[WhiteElo "1154"]
[BlackElo "1452"]
[PlyCount "46"]
[EventDate "2017.03.25"]
[EventType "swiss (rapid)"]
[EventRounds "7"]
[EventCountry "BUL"]

1. e4 e5 2. Nf3 Nc6 3. Bc4 Nf6 4. d3 h6 5. O-O d6 6. h3 g6 7. Be3 Bg7 8. Nc3
O-O 9. d4 Qe7 10. d5 Nd8 11. Qe2 Kh8 12. Qd2 Ng8 13. Ne2 f5 14. exf5 gxf5 15.
Rab1 f4 16. Bxf4 exf4 17. Nxf4 Qf7 18. Ne2 Bxh3 19. Kh2 Bxg2 20. Kxg2 Qxf3+ 21.
Kg1 Qg4+ 22. Kh1 Be5 23. Rg1 Qh3# 0-1

[Event "1st rapid EUROSOFIA to 14"]
[Site "Sofia"]
[Date "2017.03.25"]
[Round "2.1"]
[White "Petrov, Anton S"]
[Black "Dafovski, Dimitar"]
[Result "1-0"]
[WhiteElo "1747"]
[BlackElo "1319"]
[PlyCount "73"]
[EventDate "2017.03.25"]
[EventType "swiss (rapid)"]
[EventRounds "7"]
[EventCountry "BUL"]

1. e4 c5 2. Nc3 e6 3. f4 a6 4. Nf3 Qc7 5. d3 d6 6. Be2 Be7 7. O-O Nf6 8. Qe1
Nbd7 9. f5 b6 10. Qg3 g6 11. fxe6 fxe6 12. Ng5 Ne5 13. Bf4 Nh5 14. Bxh5 gxh5
15. Bxe5 dxe5 16. Nf7 Rf8 17. Nxe5 Rxf1+ 18. Rxf1 Qd6 19. Qg8+ Bf8 20. Qf7+ Kd8
21. Nc6+ Qxc6 22. Qxf8+ Kc7 23. Rf7+ Kb8 24. Rxh7 Ra7 25. Rxh5 Rd7 26. Rh8 Rc7
27. Qf4 Kb7 28. e5 Qd7 29. Qf3+ Kb8 30. Qe4 Ka7 31. Qa4 Qg7 32. Nb5+ Kb7 33.
Nd6+ Ka7 34. Nxc8+ Kb7 35. Nd6+ Ka7 36. Qe8 b5 37. Qb8# 1-0

[Event "1st rapid EUROSOFIA to 14"]
[Site "Sofia"]
[Date "2017.03.25"]
[Round "2.2"]
[White "Koev, Koycho"]
[Black "Stoyanov, Encho"]
[Result "1-0"]
[WhiteElo "1381"]
[BlackElo "1399"]
[PlyCount "77"]
[EventDate "2017.03.25"]
[EventType "swiss (rapid)"]
[EventRounds "7"]
[EventCountry "BUL"]

1. d4 d5 2. c4 e6 3. Nf3 Nf6 4. Nc3 Bb4 5. a3 Bxc3+ 6. bxc3 O-O 7. Bg5 h6 8.
Bh4 c6 9. e3 Nbd7 10. cxd5 exd5 11. Bd3 Qc7 12. O-O Re8 13. Bxf6 Nxf6 14. Ne5
Nd7 15. f4 Qd8 16. Qh5 Qf6 17. Nxf7 Rxe3 18. Ne5 Nxe5 19. fxe5 Qe7 20. Qg6 Rxd3
21. Qxd3 Qg5 22. Qg3 Qxg3 23. hxg3 Be6 24. Rab1 b5 25. Ra1 Rb8 26. Rfb1 Kf7 27.
a4 a6 28. axb5 axb5 29. Ra7+ Kg6 30. Rc7 Rb6 31. Ra1 Kf5 32. Rxg7 b4 33. cxb4
Rxb4 34. Rd1 h5 35. Rc7 Rc4 36. Rc8 Rc3 37. Rf8+ Ke4 38. Rf4+ Ke3 39. Rf3+ 1-0

[Event "1st rapid EUROSOFIA to 14"]
[Site "Sofia"]
[Date "2017.03.25"]
[Round "2.3"]
[White "Demirov, Todor"]
[Black "Klaklov, Adrian"]
[Result "1-0"]
[WhiteElo "1452"]
[BlackElo "1160"]
[PlyCount "97"]
[EventDate "2017.03.25"]
[EventType "swiss (rapid)"]
[EventRounds "7"]
[EventCountry "BUL"]

1. e4 c5 2. Nf3 Nc6 3. d4 cxd4 4. Nxd4 Qb6 5. Nb3 Nf6 6. Nc3 e6 7. Be3 Qc7 8.
Be2 Bb4 9. f3 a6 10. O-O O-O 11. a3 Bd6 12. f4 Be7 13. e5 Ne8 14. Ne4 f5 15.
Nec5 Qb6 16. Qd2 Bxc5 17. Bxc5 Qc7 18. Bxf8 Kxf8 19. Qc3 Qb6+ 20. Kh1 Nc7 21.
Qc5+ Qxc5 22. Nxc5 Nd4 23. Bd3 Nd5 24. Nb3 Ne3 25. Nxd4 Nxf1 26. Rxf1 Ke7 27.
g4 d6 28. gxf5 dxe5 29. fxe5 exf5 30. Bxf5 Bxf5 31. Nxf5+ Ke6 32. Nxg7+ Kxe5
33. Rd1 Kf6 34. Nh5+ Kg5 35. Ng3 Rc8 36. c3 Rc5 37. Rd7 Rb5 38. b4 Re5 39. Rxh7
Re1+ 40. Kg2 Re3 41. Rxb7 Rxc3 42. a4 Ra3 43. a5 Ra2+ 44. Kf3 Ra3+ 45. Ke4 Ra2
46. Ke5 Rxh2 47. Rg7+ Kh4 48. Nf5+ Kh3 49. Rg3# 1-0

[Event "1st rapid EUROSOFIA to 14"]
[Site "Sofia"]
[Date "2017.03.25"]
[Round "3.1"]
[White "Koev, Koycho"]
[Black "Petrov, Anton S"]
[Result "0-1"]
[WhiteElo "1381"]
[BlackElo "1747"]
[PlyCount "48"]
[EventDate "2017.03.25"]
[EventType "swiss (rapid)"]
[EventRounds "7"]
[EventCountry "BUL"]

1. d4 e6 2. c4 f5 3. Nf3 Nf6 4. Nc3 b6 5. Bg5 Be7 6. e3 Bb7 7. Be2 O-O 8. O-O
h6 9. Bf4 Nh5 10. Bg3 Nxg3 11. hxg3 d6 12. Qb3 Nd7 13. d5 e5 14. e4 f4 15. gxf4
Rxf4 16. Qc2 Bg5 17. g3 Rf7 18. Nxg5 Qxg5 19. Nb5 Nf6 20. Nc3 Raf8 21. Qc1 Qg6
22. Qe3 Bc8 23. Bf3 Ng4 24. Bxg4 Bxg4 0-1

[Event "1st rapid EUROSOFIA to 14"]
[Site "Sofia"]
[Date "2017.03.25"]
[Round "3.3"]
[White "Malinov, Martin"]
[Black "Stoyanov, Encho"]
[Result "1-0"]
[WhiteElo "1324"]
[BlackElo "1399"]
[PlyCount "134"]
[EventDate "2017.03.25"]
[EventType "swiss (rapid)"]
[EventRounds "7"]
[EventCountry "BUL"]

1. e4 e5 2. Nf3 Nc6 3. Bc4 d6 4. O-O Bg4 5. c3 Be7 6. Qb3 Nh6 7. Qxb7 Bd7 8.
Bd5 Rb8 9. Qa6 Rb6 10. Qe2 O-O 11. d4 Bg4 12. Bxc6 Rxc6 13. h3 Bxf3 14. Qxf3
exd4 15. cxd4 Bg5 16. Bxg5 Qxg5 17. Nc3 Rb6 18. b3 f5 19. Rfe1 Rb4 20. Rad1
Rbb8 21. Nd5 c6 22. Nc3 Rf7 23. exf5 Qxf5 24. Qxf5 Nxf5 25. Re6 h6 26. g4 Ne7
27. Rxd6 Rbf8 28. Ne4 Rf4 29. Re1 Re8 30. Nc5 Rff8 31. Rde6 Rf7 32. Rxc6 Ref8
33. Rc7 Nd5 34. Rxf7 Rxf7 35. Re8+ Kh7 36. Rd8 Nf4 37. Kh2 Ne2 38. Ne4 Rf4 39.
Re8 Nxd4 40. Kg3 Rf3+ 41. Kg2 Rf7 42. Rd8 Ne6 43. Nd6 Nxd8 44. Nxf7 Nxf7 45.
Kf3 Kg6 46. b4 Kf6 47. a4 Nd6 48. Ke3 g5 49. Kd4 Ke6 50. f3 Nb7 51. Kc4 Ke5 52.
Kb5 Kf4 53. Ka6 Nd8 54. b5 Kxf3 55. Kxa7 Kg3 56. a5 Kxh3 57. b6 Kxg4 58. b7
Nxb7 59. Kxb7 h5 60. a6 h4 61. a7 h3 62. a8=Q Kg3 63. Kc7 h2 64. Qh1 Kh3 65.
Kd6 g4 66. Ke5 g3 67. Qf3 Kh4 1-0

[Event "1st rapid EUROSOFIA to 14"]
[Site "Sofia"]
[Date "2017.03.25"]
[Round "4.1"]
[White "Petrov, Anton S"]
[Black "Demirov, Todor"]
[Result "1-0"]
[WhiteElo "1747"]
[BlackElo "1452"]
[PlyCount "100"]
[EventDate "2017.03.25"]
[EventType "swiss (rapid)"]
[EventRounds "7"]
[EventCountry "BUL"]

1. e4 e5 2. Nf3 Nc6 3. Bc4 Nf6 4. d3 h6 5. c3 d6 6. O-O g6 7. Nbd2 Bg7 8. d4
Qe7 9. d5 Nd8 10. h3 O-O 11. Re1 c6 12. Nf1 b5 13. Bb3 c5 14. Ng3 a5 15. Bc2 b4
16. Ba4 Bd7 17. Bxd7 Qxd7 18. Be3 Qb5 19. Qd2 Kh7 20. Rac1 Ng8 21. c4 Qe8 22.
Nh2 f5 23. f4 Qd7 24. Nf3 fxe4 25. Nxe4 exf4 26. Bxf4 Bxb2 27. Rc2 Bc3 28. Nxc3
bxc3 29. Rxc3 Nb7 30. Rce3 Rae8 31. Rxe8 Rxe8 32. Rxe8 Qxe8 33. Qe3 Qxe3+ 34.
Bxe3 g5 35. Nd2 Kg6 36. g4 Nf6 37. Kf2 h5 38. gxh5+ Kxh5 39. Kg3 Nd8 40. Kf3
Kh4 41. Ne4 Nxe4 42. Kxe4 Nf7 43. Kf5 Kh5 44. Ke6 Kg6 45. Bd2 a4 46. Bc3 a3 47.
Ba1 g4 48. hxg4 Nh6 49. Kxd6 Nxg4 50. Kxc5 Ne3 1-0

[Event "1st rapid EUROSOFIA to 14"]
[Site "Sofia"]
[Date "2017.03.25"]
[Round "4.2"]
[White "Malinov, Martin"]
[Black "Koev, Koycho"]
[Result "1-0"]
[WhiteElo "1324"]
[BlackElo "1381"]
[PlyCount "73"]
[EventDate "2017.03.25"]
[EventType "swiss (rapid)"]
[EventRounds "7"]
[EventCountry "BUL"]

1. e4 e5 2. Nf3 Nc6 3. Bc4 Nf6 4. Ng5 d5 5. exd5 Na5 6. Bb5+ c6 7. dxc6 bxc6 8.
Bd3 h6 9. Ne4 Nxe4 10. Bxe4 Bc5 11. O-O O-O 12. Nc3 Bb7 13. a3 Nc4 14. d3 Nd6
15. Be3 Bxe3 16. fxe3 f5 17. Bf3 Qg5 18. Qe2 Rae8 19. e4 f4 20. Qf2 a6 21. Na4
Bc8 22. Qc5 Nf7 23. Qxc6 Re6 24. Qc5 Rg6 25. Qf2 Bg4 26. Nc3 Nd6 27. Nd5 Nb5
28. Bxg4 Rf7 29. Bf5 Rd6 30. Qc5 Rd8 31. Be6 Nd4 32. Bxf7+ Kxf7 33. Qc7+ Kg8
34. Ne7+ Kh7 35. Qxd8 h5 36. Qg8+ Kh6 37. Qh8# 1-0

[Event "1st rapid EUROSOFIA to 14"]
[Site "Sofia"]
[Date "2017.03.25"]
[Round "5.1"]
[White "Petrov, Anton S"]
[Black "Malinov, Martin"]
[Result "1-0"]
[WhiteElo "1747"]
[BlackElo "1324"]
[PlyCount "81"]
[EventDate "2017.03.25"]
[EventType "swiss (rapid)"]
[EventRounds "7"]
[EventCountry "BUL"]

1. e4 e5 2. Nf3 Nc6 3. Bc4 Bc5 4. c3 Nf6 5. d3 d6 6. O-O O-O 7. a4 a6 8. b4 Ba7
9. Nbd2 Ne7 10. Re1 Ng4 11. d4 Ng6 12. h3 Nf6 13. Nf1 Re8 14. Ng3 h6 15. Nf5 d5
16. dxe5 dxc4 17. Qxd8 Rxd8 18. exf6 gxf6 19. Nxh6+ Kg7 20. Nf5+ Bxf5 21. exf5
Ne5 22. Nxe5 fxe5 23. Be3 Bxe3 24. Rxe3 f6 25. f4 exf4 26. Re7+ Kf8 27. Rxc7
Rac8 28. Rxb7 Rd3 29. Rc1 Re8 30. Rc7 Re4 31. b5 axb5 32. axb5 Rd6 33. Ra1 Re5
34. Ra8+ Re8 35. Rxe8+ Kxe8 36. Rxc4 Rd5 37. b6 Rxf5 38. b7 Rb5 39. Rb4 Rxb4
40. cxb4 Kd7 41. b8=Q 1-0

[Event "1st rapid EUROSOFIA to 14"]
[Site "Sofia"]
[Date "2017.03.25"]
[Round "6.1"]
[White "Ma, Ichen"]
[Black "Petrov, Anton S"]
[Result "0-1"]
[WhiteElo "1326"]
[BlackElo "1747"]
[PlyCount "70"]
[EventDate "2017.03.25"]
[EventType "swiss (rapid)"]
[EventRounds "7"]
[EventCountry "BUL"]

1. e4 d6 2. d4 g6 3. c4 Bg7 4. Nc3 Nf6 5. f4 c6 6. Nf3 a6 7. Be2 b5 8. cxb5
cxb5 9. a3 Bb7 10. Bd3 Nbd7 11. d5 Rc8 12. Bd2 O-O 13. O-O Nc5 14. Bc2 a5 15.
Rc1 b4 16. axb4 axb4 17. Ne2 Ncxe4 18. Bxe4 Rxc1 19. Nxc1 Nxe4 20. Bxb4 Qb6+
21. Kh1 Qxb4 22. Nd3 Qb6 23. Re1 Bxd5 24. Qc2 Rb8 25. Rb1 Bb3 26. Qe2 d5 27.
Nde5 Bxe5 28. Nxe5 Nf2+ 29. Kg1 Ng4+ 30. Kh1 Nxe5 31. Qxe5 Bc2 32. Re1 Be4 33.
Re2 Qb3 34. Qxe7 Qd1+ 35. Re1 Qxe1# 0-1

[Event "1st rapid EUROSOFIA to 14"]
[Site "Sofia"]
[Date "2017.03.25"]
[Round "6.2"]
[White "Demirov, Todor"]
[Black "Malinov, Martin"]
[Result "1-0"]
[WhiteElo "1452"]
[BlackElo "1324"]
[PlyCount "53"]
[EventDate "2017.03.25"]
[EventType "swiss (rapid)"]
[EventRounds "7"]
[EventCountry "BUL"]

1. d4 Nf6 2. c4 e6 3. Nf3 b6 4. Nc3 Bb7 5. Bg5 h6 6. Bh4 Be7 7. e3 d5 8. cxd5
Nxd5 9. Bxe7 Nxc3 10. Bxd8 Nxd1 11. Bxc7 Nxb2 12. Bb5+ Bc6 13. Bxc6+ Nxc6 14.
Bd6 Rd8 15. Bg3 Nd3+ 16. Ke2 Ndb4 17. Ne5 Nxe5 18. Bxe5 f6 19. Bg3 O-O 20. Rab1
Nd5 21. Rhc1 Rc8 22. Rxc8 Rxc8 23. Rb3 Rc3 24. Rxc3 Nxc3+ 25. Kd3 Nd5 26. Bf4
Nxf4+ 27. exf4 1-0

[Event "1st rapid EUROSOFIA to 14"]
[Site "Sofia"]
[Date "2017.03.25"]
[Round "6.3"]
[White "Stoyanov, Encho"]
[Black "Dafovski, Dimitar"]
[Result "1-0"]
[WhiteElo "1399"]
[BlackElo "1319"]
[PlyCount "43"]
[EventDate "2017.03.25"]
[EventType "swiss (rapid)"]
[EventRounds "7"]
[EventCountry "BUL"]

1. e4 c5 2. Nf3 e6 3. d4 cxd4 4. Nxd4 a6 5. Nc3 Qc7 6. Be2 Nf6 7. f3 Be7 8. Be3
d6 9. O-O Nbd7 10. Qe1 b6 11. Qg3 Nh5 12. Qg4 g6 13. f4 Bb7 14. f5 e5 15. Nb3
O-O 16. fxg6 fxg6 17. Qe6+ Kg7 18. Qxe7+ Kg8 19. Bxh5 gxh5 20. Bh6 Rxf1+ 21.
Rxf1 Qd8 22. Qg7# 1-0

[Event "1st rapid EUROSOFIA to 14"]
[Site "Sofia"]
[Date "2017.03.25"]
[Round "7.1"]
[White "Petrov, Anton S"]
[Black "Stoyanov, Encho"]
[Result "1-0"]
[WhiteElo "1747"]
[BlackElo "1399"]
[PlyCount "75"]
[EventDate "2017.03.25"]
[EventType "swiss (rapid)"]
[EventRounds "7"]
[EventCountry "BUL"]

1. e4 e5 2. Nf3 Nc6 3. Nc3 d6 4. d4 exd4 5. Nxd4 Nf6 6. Nxc6 bxc6 7. Bd3 Be7 8.
O-O O-O 9. f4 Nd7 10. Be3 Bb7 11. Qh5 Nf6 12. Qh3 Qd7 13. f5 c5 14. Qg3 Kh8 15.
Rad1 c6 16. Be2 d5 17. e5 Ne8 18. Bg4 f6 19. e6 Qd6 20. Bf4 Qd8 21. Bh5 Ba6 22.
Qh3 Kg8 23. Bf7+ Rxf7 24. exf7+ Kxf7 25. Rf3 d4 26. Qxh7 Nd6 27. Qg6+ Kf8 28.
Rg3 dxc3 29. Qxg7+ Ke8 30. Bxd6 Bxd6 31. Re3+ Be5 32. Rxd8+ Rxd8 33. Rxe5+ fxe5
34. Qxe5+ Kd7 35. Qxc3 Re8 36. g4 Rg8 37. h3 Kd6 38. Qf6+ 1-0